• 首页
  • 本馆介绍
  • 公告通知
  • 最新文献
  • 馆藏检索
  • 电子资源
  • 读者导购
  • 参考咨询
  • 我的图书馆
  • 登录
  • 详细信息显示
  • 放入我的书架
  • 预约/预借图书
  • 作者相关作品
  • 分类相关作品
  • 丛书相关作品
  • 出版社相关作品

书目信息

  • 表格格式
  • 工作单格式
  • 卡片格式
题名:
大数据分析与软件开发及其创新
    
 
作者: 邵检江 , 陈黎 , 赵保华 著
分册:  
出版信息: 长春   吉林科学技术出版社  2021.4
页数: 222页
开本: 23cm
丛书名:
单 册:
中图分类: TP274 , TP311.52
科图分类:
主题词: 数据处理--研究 , 软件开发--研究
电子资源:
ISBN: 978-7-5578-6042-4
000 00929nam0 2200277 45
001 012001000322
005 20140911113957.0
010    @a978-7-5578-6042-4@dCNY64.00
100    @a20210130d2019 em y0chiy50 ea
101 0  @achi
102    @aCN@b220000
105    @aa z 000yy
106    @ar
200 1  @a大数据分析与软件开发及其创新@Ada shu ju fen xi yu ruan jian kai fa ji qi chuang xin@b专著@f邵检江,陈黎,赵保华著
210    @a长春@c吉林科学技术出版社@d2021.4
215    @a222页@c图@d23cm
330    @a本书共八章,包括大数据与大数据分析、大数据分析的体系架构、大数据分析关键技术、软件开发概述、软件开发过程与规范等内容。
606 0  @a数据处理@x研究
606 0  @a软件开发@x研究
690    @aTP274@v5
690    @aTP311.52@v5
701  0 @a邵检江@Ashao jian jiang@4著
701  0 @a陈黎@Achen li@4著
701  0 @a赵保华@Azhao bao hua@4著
801  0 @aCN@bBJSDL@c20211011
905    @b1331256-9@dTP274@e499@f4
    
    大数据分析与软件开发及其创新/邵检江,陈黎,赵保华著.-长春:吉林科学技术出版社,2021.4
    222页:图;23cm
    
    
    ISBN 978-7-5578-6042-4:CNY64.00
    本书共八章,包括大数据与大数据分析、大数据分析的体系架构、大数据分析关键技术、软件开发概述、软件开发过程与规范等内容。
●
相关链接 在E读中查询图书 在五车中查询图书 在当当中查询图书 在豆瓣中查询图书


正题名:大数据分析与软件开发及其创新     索取号:TP274/499         预约/预借

序号 登录号 条形码 馆藏地/架位号 状态 备注
1 1331256   213312565   第二样本阅览室/ [索取号:TP274/499] 在馆    
2 1331257   213312574   第三借阅区/ [索取号:TP274/499] 在馆    
3 1331258   213312583   第三借阅区/ [索取号:TP274/499] 在馆    
4 1331259   213312592   第三借阅区/ [索取号:TP274/499] 在馆    
唐山师范学院图书馆 欢迎您!
大连网信软件有限公司© 版权所有